Highland flings are not enough (Record no. 79218)
[ view plain ]
| 000 -LEADER | |
|---|---|
| fixed length control field | 00963cab a22001935a 4500 |
| 001 - CONTROL NUMBER | |
| control field | L140184 |
| 008 - FIXED-LENGTH DATA ELEMENTS--GENERAL INFORMATION | |
| fixed length control field | 070911e20070829xxkd f s 000 0 eng d |
| 035 ## - SYSTEM CONTROL NUMBER | |
| System control number | (Sirsi) u140184 |
| 041 0# - LANGUAGE CODE | |
| Language code of text/sound track or separate title | eng |
| 100 1# - MAIN ENTRY--PERSONAL NAME | |
| Personal name | Watson, Kathy |
| 245 00 - TITLE STATEMENT | |
| Title | Highland flings are not enough |
| 260 ## - PUBLICATION, DISTRIBUTION, ETC. | |
| Date of publication, distribution, etc. | 2007 |
| 490 #0 - SERIES STATEMENT | |
| Series statement | Contract Journal |
| Volume/sequential designation | 29 August 2007, 11-13(3) |
| 520 ## - SUMMARY, ETC. | |
| Summary, etc. | Highlights the challenges facing contractors in Scotland and provides an overview of the country?s construction market. Scotland?s construction output is expected to increase by an annual average of 1.5% between 2007 and 2011, compared to the UK average of 2.6%. Infrastructure will be the leading sector during this period, with an annual average growth rate of 6.2%. Employment is forecast to increase by around 8%, and Scotland is predicted to provide 8.6% of UK employment by 2011. |
| 590 ## - LOCAL NOTE (RLIN) | |
| Local note | KA |
| 651 #4 - SUBJECT ADDED ENTRY--GEOGRAPHIC NAME | |
| Geographic name | Scotland |
| Chronological subdivision | 1999- |
| 690 ## - LOCAL SUBJECT ADDED ENTRY--TOPICAL TERM (OCLC, RLIN) | |
| Topical term or geographic name as entry element | BUILT ENVIRONMENT-CONSTRUCTION MARKET |
| 942 ## - ADDED ENTRY ELEMENTS (KOHA) | |
| Suppress in OPAC | 0 |
| Withdrawn status | Lost status | Source of classification or shelving scheme | Damaged status | Not for loan | Home library | Current library | Shelving location | Date acquired | Total Checkouts | Full call number | Barcode | Date last seen | Copy number | Price effective from | Koha item type |
|---|---|---|---|---|---|---|---|---|---|---|---|---|---|---|---|
| Dewey Decimal Classification | London | London | Journal article | 11/09/2007 | L140184 | 140184-1001 | 06/08/2019 | 1 | 06/08/2019 | Journal article |